000 00484nam a22001577a 4500
005 20231030131052.0
008 231030b |||||||| |||| 00| 0 eng d
041 _aAfrikaans
082 _a347.5 SOU
100 _lAfrikaans
245 _aSuid-Afrikaanse Regskommissie Ondersoek na termyne waarbinne regsgedinge teen die Staat ingestel moet word
260 _c1985
300 _biv, 53 pages ;
_c26 cm.
650 _alegal practice
_bLaw
942 _cBK
_6ALISON_BN_VRIES
999 _c148
_d148